00414nam a2200193Ia 4500003000900000008004100009040001300050040001300063041000800076100002100084100001400105245003400119250000900153260002000162260000900182300001100191300001200202490000600214IT-RoPAU120407s9999 xx 000 0 und d aIT-RoPAU cIT-RoPAU aita aLuigi Volpicelli ca cura di aProblemi (i) della pedagogia. aRoma aArmando Armando c1963 a146 p. c19,5 cm v1